Регионална библиотека "Любен Каравелов" - Русе

Някои основни физико-технически формули, представени чрез номограми (Запис номер 60104)

MARC детайли
000 -Лидер
Контролно поле с фиксирана дължина 01123nam a2200289 c 4500
003 - Код на организацията, давaща контролен номер
Контролно поле BLK
005 - Дата и час на последна редакция
Контролно поле 20220628104206.0
008 - Елементи от данни с фиксирана дължина
fixed length control field 180408b bul|||||r ||||||| ||bul||
010 ## - Наследен системен номер
LC control number KNG00064237000
040 ## - Източник на каталожния запис
Идентификатор на билиотеката - собственик на записа BLK
041 ## - Код за език
Код за езика на текст/звукозапис или на отделно заглавие Български
Код за езика КДБФ Български
080 ## - УДК
Текстов определител УДК Техника. Технически науки
УДК код - определител по УДК 62
УДК определител (083.57)
УДК - код + определител 62(083.57)
100 1# - Редна дума - Автор
Автор Неделчев, Любен А.
Авторска отговорност първи автор
R(LIN) 369887
139 ## - Редно поле
Редна дума Неделчев, Любен А. и др.
Авторски знак Неделч - Н 44
245 10 - Сведения за заглавието
Заглавие Някои основни физико-технически формули, представени чрез номограми
Редно поле (дума) Любен А. Неделчев, Таньо Д. Танев; науч. ред. Иванка Панайотова.
257 ## - Страна на издаване
Страна на създаване/издаване България
260 ## - Област на издателските данни
Място на издаване, разпространение и проч. София
Име на издателя, разпространителя и проч. Техника
Година на издаване 1971
300 ## - Физическа характеристика
Страници 192 с.
Размери/Мащаб 22 см
380 ## - Жанр
Жанр Техника
500 ## - Общи забележки
Забележка На кор. авт. Таньо Д. Танев означен Таньо Донев<br/>3 585 тир
650 #0 - Допълнително описание по предмет – тема
9 (RLIN) 475785
Основно описание – тема или топоним Номография и номограми
653 #0 - Ключова дума – ненормативна
9 (RLIN) 442102
Ключова дума номограми
700 1# - Други автори (авторска отговорност)
Лично име Танев, Таньо Д.
Автороска отговорност (Описва отношението между автора и произведението) съавт.
9 (RLIN) 289615
700 1# - Други автори (авторска отговорност)
Лично име Панайотова, Иванка
Автороска отговорност (Описва отношението между автора и произведението) науч. ред.
9 (RLIN) 288959
852 ## - Местоположение
Форматна сигнатура Цб 59474
Фондова буква Хранилище
856 4# - Електронен адрес и достъп
Електронен формат pdf - файл
856 4# - Електронен адрес и достъп
Електронен формат pdf - файл
999 ## - СИСТЕМНИ КОНТРОЛНИ НОМЕРА
Koha biblionumber 60104
Koha biblioitemnumber 60104
942 ## - АРТИКУЛИ
Вид на библиотечния материал Книги
Скрит в OPAC Не
Периодичен библиозапис Да
944 ## - СЪЗДАВАНЕ И РЕДАКЦИЯ на ЗАПИСА
Създаване/Редакция Създаване
Дата на регистрацията/редакция 13.06.2004
Служител, извършил регистрацията/редакцията Читалня
944 ## - СЪЗДАВАНЕ И РЕДАКЦИЯ на ЗАПИСА
Създаване/Редакция Редакция
Дата на регистрацията/редакция 13.01.2015
944 ## - СЪЗДАВАНЕ И РЕДАКЦИЯ на ЗАПИСА
Създаване/Редакция Редакция
Дата на регистрацията/редакция 2022-06-28
999 ## - СИСТЕМНИ КОНТРОЛНИ НОМЕРА
Koha biblioitemnumber 60104
Наличности
Код за отписване Код за изгубен артикул Източник на класификационната схема Код за повреда Коз за рестрикции Код за отдаване Артикулен № Име на библиотеката - собственик Име на библиотеката, в която се намира в момента Статус (Текущо местоположение) Дата на вписване в системата Местоположение - отдел Цена в лева Инвентарен номер Систематично азбучна сигнатура Баркод Номер на екземпляра Цена в евро Служебна бележка Служебен тип на артикула
  Не е изгубен Universal Decimal Classification Не е повреден без рестрикции ползва се в читалня 98758 Регионална библиотека "Любен Каравелов" Русе Регионална библиотека "Любен Каравелов" Русе Хранилище 1971-01-01 Хранилище 1.27 99667 Цб 59474 120000099667 1 0.65 Дост: Dp Вид: Д N: стар фонд Дата: 01.01.1971 Книги
Изтеглен Не е изгубен Universal Decimal Classification Не е повреден без рестрикции заемане за дома 98759 Регионална библиотека "Любен Каравелов" Русе Регионална библиотека "Любен Каравелов" Русе Заемна - подръчен фонд 1971-01-01 Заемна - подръчен фонд 1.27 99898 П 62/Н 44 99898 2 0.65 Дост: Pk Вид: Ф N: стар фонд Дата: 01.01.1971 Книги
Vip Innovations Ltd, Rousse, Bulgaria 2025